Industrial proteomics : Applications for biotechnology and pharmaceuticals

Industrial Proteomics addresses many of the key challenges faced by researchers in the field of proteomics. It enables them to better understand cellular function and apply their knowledge to make new advances in many fields, including drug discovery, agriculture, and health sciences. Written by a t...

Fuld beskrivelse

Đã lưu trong:
Bibliografiske detaljer
Format: Bog
Sprog:Undetermined
Udgivet: Hoboken, N.J. Wiley 2005
Fag:
Tags: Tilføj Tag
Ingen Tags, Vær først til at tagge denne postø!
Thư viện lưu trữ: Trung tâm Học liệu Trường Đại học Cần Thơ
LEADER 01076nam a2200193Ia 4500
001 CTU_192093
008 210402s9999 xx 000 0 und d
082 |a 660.63 
082 |b I.42 
245 0 |a Industrial proteomics : 
245 0 |b Applications for biotechnology and pharmaceuticals 
245 0 |c Edited by Daniel Figeys 
260 |a Hoboken, N.J. 
260 |b Wiley 
260 |c 2005 
520 |a Industrial Proteomics addresses many of the key challenges faced by researchers in the field of proteomics. It enables them to better understand cellular function and apply their knowledge to make new advances in many fields, including drug discovery, agriculture, and health sciences. Written by a team of leading researchers in biotechnology and pharmaceutical sciences, the book also provides expert guidance for understanding, using, and interpreting the findings of such sophisticated tools as lab-on-a-chip and protein arrays 
650 |a Biotechnology,Công nghệ sinh học 
910 |a Hải 
980 |a Trung tâm Học liệu Trường Đại học Cần Thơ